Library Banner

Job-hunting on the internet: (Record no. 24193)

MARC details
000 -LEADER
fixed length control field 00460nam a2200169Ia 4500
001 - CONTROL NUMBER
control field 23984
008 - FIXED-LENGTH DATA ELEMENTS--GENERAL INFORMATION
fixed length control field 140410s9999 xx 000 0 und d
040 ## - CATALOGING SOURCE
Transcribing agency PK-LaUMT
082 ## - DEWEY DECIMAL CLASSIFICATION NUMBER
Classification number 004.678
Item number BOL-J
100 ## - MAIN ENTRY--PERSONAL NAME
Personal name Richard Nelson Bolles
245 ## - TITLE STATEMENT
Title Job-hunting on the internet:
Remainder of title a desktop companion to the website
Statement of responsibility, etc Richard Nelson Bolles
250 ## - EDITION STATEMENT
Edition statement 2nd
260 ## - PUBLICATION, DISTRIBUTION, ETC. (IMPRINT)
Place of publication, distribution, etc Berkeley,USA:
Name of publisher, distributor, etc The Speed Press,
Date of publication, distribution, etc 1999
300 ## - PHYSICAL DESCRIPTION
Extent 209 p.
546 ## - LANGUAGE NOTE
Language note EN
942 ## - ADDED ENTRY ELEMENTS (KOHA)
Koha item type Books
Holdings
Withdrawn status Lost status Damaged status Not for loan Home library Current library Date acquired Total Checkouts Full call number Barcode Date last seen Price effective from Koha item type
        UMT Main Campus UMT Main Campus 2014-04-10   004.678 BOL-J 27786 2014-04-24 2014-04-24 Books